| 000 | 00648cam a2200229 4500500 | ||
|---|---|---|---|
| 005 | 20260405003703.0 | ||
| 041 | _afre | ||
| 042 | _adc | ||
| 100 | 1 | 0 |
_aMorel, François _eauthor |
| 245 | 0 | 0 | _aConseil n° 27. Marchons, marchons |
| 260 | _c2023. | ||
| 500 | _a20 | ||
| 690 | _aEmmanuel Macron | ||
| 690 | _aFrançois Morel | ||
| 690 | _aHumour | ||
| 690 | _aMarche | ||
| 690 | _aRetraite | ||
| 690 | _aRire | ||
| 690 | _aVieillesse | ||
| 786 | 0 | _nPhilosophie magazine | 168 | 4 | 2023-04-01 | p. 78-78 | 1951-1787 | |
| 856 | 4 | 1 | _uhttps://shs.cairn.info/magazine-philosophie-magazine-2023-4-page-78?lang=fr&redirect-ssocas=7080 |
| 999 |
_c2069870 _d2069870 |
||